| 000 | 00899nam a2200217Ia 4500 | ||
|---|---|---|---|
| 003 | IN-BaIIA | ||
| 008 | 211028s9999 xx 000 0 eng d | ||
| 020 | _a1-56396-754-5 | ||
| 040 | _cIIA Library | ||
| 080 |
_a535.338.3(082.1) _bSPE |
||
| 111 |
_aConference of American Institute of Physics on Spectral Line Shapes _n14 _cPennsylvania, U.S.A. _d1998 June 22-26 _923300 |
||
| 245 | 0 |
_aSpectral line shapes _bproceedings of the conference of American Institute of Physics on spectral line shapes, vol. 10, held in Pennsylvania, U.S.A., 22-26 June 1998 _cedited by R. M. Herman |
|
| 250 | _a14th ed. | ||
| 260 |
_aNew York _bAmerican Institute of Physics _c1999 |
||
| 300 | _axvi, 566p. | ||
| 490 | _aAIP conference proceedings; v. 467 | ||
| 650 |
_aDense plasmas _923301 |
||
| 650 | _aSpectral lines | ||
| 700 |
_aHerman, R. M .,ed _923302 |
||
| 942 | _cBK | ||
| 999 |
_c13236 _d13236 |
||